000 01037nam a2200301 i 4500
001 bg
100 1 _aAnderson, Ross
_c(1956- ).
245 1 0 _aInżynieria zabezpieczeń /
_cRoss Anderson ; z ang. przeł. Piotr Carlson.
246 1 _iTyt. oryg.:
_aSecurity engineering :
_ba guide to building dependable distributed systems
260 _aWarszawa :
_bWydawnictwa Naukowo-Techniczne,
_c2005.
300 _aXXX, 713, [1] s. :
_brys. ;
_c25 cm.
504 _aBibliogr. s. 651-690. Indeks.
521 _aPodręcznik akademicki
650 9 _aInformacja
_xochrona
650 9 _aSystemy informatyczne
_xbezpieczeństwo
655 _aPodręczniki akademickie
700 1 _aCarlson, Piotr.
_eTł.
830 _aTAO Tajemnica, Atak, Obrona
020 _a8320430691
040 _cBPK
041 1 _apol
_heng
044 _aPOL
080 _a004.056.5:004.7
920 _a83-204-3069-0
942 _cKS
008 s pl f |000 0 pol
999 _c54810
_d54810
856 _uhttp://koha.tu.koszalin.pl/cgi-bin/koha/opac-detail.pl?biblionumber=54810
_yKatalog online BPK